| 000 | 00632nam a2200217 i 4500 | ||
|---|---|---|---|
| 001 | 181675 | ||
| 003 | ES-MaACL | ||
| 005 | 20250822063232.0 | ||
| 008 | 130306s1977 sp |||| | cat d | ||
| 020 | _a84-233-0708-5 | ||
| 080 | _a849.9-94"19" | ||
| 080 | _a929(100) | ||
| 100 | 1 |
_aPla, Josep, _d1897-1981 _9164614 |
|
| 245 | 1 | 3 |
_aEl passat imperfecte / _c[per] Josep Pla. |
| 260 |
_aBarcelona : _bDestino, _c1977. |
||
| 300 |
_a692 p. ; _c18 cm. |
||
| 490 | 1 |
_aObra completa de Josep Pla ; _v33 |
|
| 830 | 0 |
_aObra completa de Josep Pla ; _v33 _9191524 |
|
| 852 |
_aES-MaACL _jJ-46(33) |
||
| 999 |
_c181675 _d181675 |
||